| 000 | 00990nam a22002537a 4500 | ||
|---|---|---|---|
| 005 | 20170124103009.0 | ||
| 010 | _aA-426002 | ||
| 020 | _c25.00 | ||
| 035 | _aA-426002 | ||
| 037 | _bCen Lib/Ret | ||
| 040 |
_aDPL _bHN |
||
| 082 |
_aउ _bउपाध्या |
||
| 100 |
_aउपाध्याय, देवेन्द्र _943407 |
||
| 245 |
_aआंखर / _cदेवेन्द्र उपाध्याय |
||
| 246 |
_aAnkhahar / _bby Devendra Upadhayay |
||
| 260 |
_aदिल्ली _bसुनील साहित्य सदन _c1987 |
||
| 270 |
_aए-१०१, उत्तरी घोंडा _bदिल्ली _e110053 |
||
| 300 |
_a102पृ. _c16सेमी(सजिल्द ) |
||
| 650 |
_aहिंदी साहित्य _x _z _957039 |
||
| 650 |
_aहिंदी उपन्यास _957040 |
||
| 650 |
_aHindi literature _v _957041 |
||
| 650 |
_aHindi fiction _927248 |
||
| 942 |
_2ddc _cHN _hउ _mउपाध्या |
||
| 999 |
_c114495 _d114495 |
||